Govt. of
Madhya Pradesh

The Plays of Moliere (Record no. 36686)

MARC details
000 -LEADER
fixed length control field 003950000a22001690004500
003 - CONTROL NUMBER IDENTIFIER
control field MACL
005 - DATE AND TIME OF LATEST TRANSACTION
control field 20160105131742.0
008 - FIXED-LENGTH DATA ELEMENTS--GENERAL INFORMATION
fixed length control field 160105b xxu||||| |||| 00| 0 eng d
040 ## - CATALOGING SOURCE
Original cataloging agency MACL
Transcribing agency MACL
041 ## - LANGUAGE CODE
Language code of text/sound track or separate title English
082 ## - DEWEY DECIMAL CLASSIFICATION NUMBER
Classification number 822/WAL
100 ## - MAIN ENTRY--PERSONAL NAME
Personal name Waller, A R
9 (RLIN) 27957
245 ## - TITLE STATEMENT
Title The Plays of Moliere
260 ## - PUBLICATION, DISTRIBUTION, ETC. (IMPRINT)
Name of publisher, distributor, etc. Edinbnrgb
Date of publication, distribution, etc. 1907
650 ## - SUBJECT ADDED ENTRY--TOPICAL TERM
Topical term or geographic name as entry element Drama
9 (RLIN) 27958
942 ## - ADDED ENTRY ELEMENTS (KOHA)
Koha item type Books
Call number prefix 822/WAL
Source of classification or shelving scheme

No items available.